|
|
|
|
| LEADER |
01242nam a2200301 a 4500 |
| 001 |
16919842 |
| 008 |
130312s2010 dcuab b 000 0 eng d |
| 010 |
|
|
|a 2010285843
|
| 020 |
|
|
|a 9780821383162
|
| 020 |
|
|
|a 0821383167
|
| 020 |
|
|
|a 9780821384244 (eISBN)
|
| 040 |
|
|
|a Nz
|b eng
|c UX1
|d CDX
|d OCLCQ
|d DLC
|d BD-DhAAL
|
| 082 |
0 |
4 |
|a 337
|2 22
|
| 245 |
0 |
4 |
|a The MDGs after the crisis.
|
| 246 |
3 |
|
|a Millennium development goals after the crisis
|
| 260 |
|
|
|a Washington, D.C. :
|b World Bank,
|c 2010.
|
| 300 |
|
|
|a xv, 151 p. :
|b col. ill., col. maps ;
|c 27 cm.
|
| 490 |
1 |
|
|a Global monitoring report ;
|v 2010
|
| 504 |
|
|
|a Includes bibliographical references.
|
| 541 |
1 |
|
|e 00026567
|
| 650 |
|
0 |
|a Economic assistance
|z Developing countries
|x International cooperation.
|
| 650 |
|
0 |
|a Financial crises
|z Developing countries.
|
| 651 |
|
0 |
|a Developing countries
|x Economic conditions
|y 21st century.
|
| 651 |
|
0 |
|a Developing countries
|x Social conditions
|y 21st century.
|
| 830 |
|
0 |
|a World Bank global monitoring report ;
|v 2010.
|
| 852 |
1 |
|
|a Ayesha Abed Library
|j General Shelf.
|
| 999 |
|
|
|c 13234
|d 13234
|
| 952 |
|
|
|0 0
|1 0
|2 ddc
|4 0
|6 337_000000000000000_MDG
|7 0
|9 22019
|a IGS
|b IGS
|c GEN
|d 2013-03-12
|e MIDAS
|g 1277.00
|l 0
|o 337 MDG
|p 3010026567
|r 2013-03-12
|t 1
|w 2013-03-12
|y BK
|